[Event "Lippe Cup 05th"]
[Site "Lieme"]
[Date "2008.09.26"]
[Round "1"]
[White "Kraetzer, Ruediger"]
[Black "Chrobak, Frank"]
[Result "1/2-1/2"]
[WhiteElo "2086"]
[BlackElo "1936"]
[PlyCount "36"]
[EventDate "2008.09.26"]
[EventType "swiss"]
[EventRounds "5"]
[EventCountry "GER"]
[SourceTitle "EXT 2012"]
[Source "ChessBase"]
[SourceDate "2011.11.24"]
[SourceVersion "1"]
[SourceVersionDate "2011.11.24"]
[SourceQuality "1"]

1. d4 f5 2. g3 g6 3. Bg2 Bg7 4. c3 Nf6 5. Bg5 c6 6. Nd2 0-0 7. h4 d6 8. Qb3+ Kh8 9. Bxf6 Bxf6 10. 0-0-0 Qb6 11. f4 Qxb3 12. axb3 e5 13. e3 e4 14. Nh3 h5 15. Nc4 Be7 16. Kc2 Be6 17. Ra1 Nd7 18. Rhe1 Kg7 1/2-1/2

[Event "Werther Schloss op-A 11th"]
[Site "Werther"]
[Date "2005.05.19"]
[Round "2"]
[White "Kartsev, Soel"]
[Black "Kraetzer, Ruediger"]
[Result "1/2-1/2"]
[WhiteElo "2253"]
[BlackElo "1929"]
[PlyCount "55"]
[EventDate "2005.03.18"]
[EventType "swiss"]
[EventRounds "5"]
[EventCountry "GER"]
[SourceTitle "CBM 105 Extra"]
[Source "ChessBase"]
[SourceDate "2005.05.01"]
[SourceVersion "1"]
[SourceVersionDate "2005.05.01"]
[SourceQuality "1"]

1. e4 e5 2. Nf3 Nc6 3. Bb5 a6 4. Ba4 Nf6 5. 0-0 Nxe4 6. Re1 Nc5 7. Bxc6 dxc6 8. Nxe5 Be7 9. b4 Ne6 10. Bb2 0-0 11. a3 a5 12. bxa5 Rxa5 13. d3 Bf6 14. Nd2 Nd4 15. f4 Re8 16. Ndf3 Nxf3+ 17. Qxf3 Be6 18. c4 Bxe5 19. Rxe5 Rxe5 20. fxe5 Qd7 21. Re1 Rd8 22. Re3 b6 23. h3 c5 24. g4 Qa4 25. Qe2 Qc6 26. Qf3 Qa4 27. Qe2 Qc6 28. Qf3 1/2-1/2

[Event "Werther Schloss op-B 9th"]
[Site "Werther"]
[Date "2003.04.12"]
[Round "2"]
[White "Henke, Wolfgang"]
[Black "Kraetzer, Ruediger"]
[Result "0-1"]
[WhiteElo "1757"]
[BlackElo "1881"]
[PlyCount "76"]
[EventDate "2003.04.11"]
[EventType "swiss"]
[EventRounds "5"]
[EventCountry "GER"]
[SourceTitle "EXT 2006"]
[Source "ChessBase"]
[SourceDate "2005.11.24"]
[SourceVersion "1"]
[SourceVersionDate "2005.11.24"]
[SourceQuality "1"]

1. a3 d5 2. Nf3 Nf6 3. g3 Bf5 4. Bg2 c6 5. 0-0 h6 6. d3 e6 7. Nbd2 Be7 8. Re1 0-0 9. e4 Bh7 10. Qe2 Re8 11. e5 Nfd7 12. Nf1 c5 13. h4 Nc6 14. N1h2 Bf8 15. g4 Nd4 16. Nxd4 cxd4 17. g5 hxg5 18. Bxg5 Be7 19. Bxe7 Qxe7 20. Nf3 Qc5 21. Ng5 Rac8 22. Rac1 Qa5 23. Qf3 Rf8 24. Qh5 Bg6 25. Qe2 Qb6 26. c4 dxc3 27. bxc3 Nc5 28. Red1 Qa6 29. c4 d4 30. Be4 Nxe4 31. Nxe4 Qxa3 32. Ra1 Qe7 33. Rxa7 Qxh4 34. Nd6 Rc5 35. Re1 Qg5+ 36. Kh2 Bh5 37. Qe4 Bg4 38. Kg3 Bf5+ 0-1

[Event "Werther Schloss op-B 7th"]
[Site "Werther"]
[Date "2001.04.06"]
[Round "1"]
[White "Kraetzer, Ruediger"]
[Black "Leimkuehler, Heinz Guido"]
[Result "1/2-1/2"]
[WhiteElo "1853"]
[BlackElo "1685"]
[PlyCount "100"]
[EventDate "2001.04.06"]
[EventType "swiss"]
[EventRounds "5"]
[EventCountry "GER"]
[SourceTitle "EXT 2002"]
[Source "ChessBase"]
[SourceDate "2001.11.25"]
[SourceVersion "1"]
[SourceVersionDate "2001.11.25"]
[SourceQuality "1"]

1. d4 Nf6 2. Bg5 g6 3. Nf3 Bg7 4. c3 0-0 5. Nbd2 d5 6. e3 b6 7. Bd3 Bb7 8. 0-0 Nbd7 9. Re1 c5 10. Rc1 h6 11. Bf4 Nh5 12. Bg3 Nxg3 13. hxg3 e6 14. Qe2 c4 15. Bb1 Nf6 16. Ne5 Nd7 17. Nxd7 Qxd7 18. e4 Rfe8 19. e5 a5 20. f4 Qe7 21. Nf3 b5 22. a3 Reb8 23. g4 b4 24. axb4 axb4 25. Qf2 bxc3 26. bxc3 Bc6 27. f5 Qe8 28. fxg6 fxg6 29. Nh4 g5 30. Nf3 Qe7 31. Qc2 Bf8 32. Qg6+ Bg7 33. Qh7+ Kf8 34. Rf1 Ke8 35. Qg6+ Kd7 36. Nxg5 Qxg5 37. Rf7+ Kd8 38. Qxg5+ hxg5 39. Rxg7 Ra1 40. Rg8+ Kc7 41. Rxb8 Kxb8 42. Rf1 Ra3 43. Rc1 Ra1 44. Kf2 Ba4 45. Rh1 Kc7 46. Rh7+ Kc8 47. Bg6 Rc1 48. Ra7 Bd1 49. Ra8+ Kd7 50. Ra7+ Kd8 1/2-1/2